00000000nam 2200000zi 4500
0019.953943
003CaOODSP
00520250819141534
006m     o  d f      
007cr cn|||||||||
008250811s2024    onca    o    f000 0 eng d
040 |aCaOODSP|beng|erda|cCaOODSP
043 |an-cn---
0861 |aFC5-100/2024E-PDF
24500|aWhat to do when you get money from the government : |btips on how to manage your money so you can make the most of it.
24610|aTips on how to manage your money so you can make the most of it
264 1|a[Ottawa] : |bFinancial Consumer Agency of Canada = Agence de la consommation en matière financière du Canada, |c[2024]
300 |a1 online resource (2 unnumbered pages) : |billustrations
336 |atext|btxt|2rdacontent
337 |acomputer|bc|2rdamedia
338 |aonline resource|bcr|2rdacarrier
500 |aCaption title.
500 |aIssued also in French under title: Que faire lorsque vous recevez de l'argent du gouvernement : voici quelques conseils sur la façon de gérer votre argent afin d'en profiter au maximum.
520 |a"When you get your tax refund or benefit payments, the Financial Consumer Agency of Canada (FCAC) has free tools to help you manage your money"--Page [1].
61020|aFinancial Consumer Agency of Canada.
650 0|aFinancial literacy|zCanada.
650 0|aBanks and banking|zCanada.
7102 |aFinancial Consumer Agency of Canada, |eissuing body.
77508|tQue faire lorsque vous recevez de l'argent du gouvernement : |w(CaOODSP)9.954259
85640|qPDF|s96.1 KB|uhttps://publications.gc.ca/collections/collection_2025/acfc-fcac/FC5-100-2024-eng.pdf